Nintendo General Knowledge Quiz 1 - Statistics

General Stats
  • This quiz has been taken 123 times
  • The average score is 10 of 15
Answer Stats
Hint Answer % Correct
In 1983 Nintendo revived Gaming by releasing what console? NES
93%
Nintendo designed a TV-Remote style controller for what console? Wii
90%
What console was Mario Kart Double Dash originally released for? Gamecube
86%
Is the Nintendo Switch region locked? No
85%
For what console did Nintendo release a Controller with 3 handles? Nintendo 64
84%
What console got a "The Legend of Zelda: The Wind Waker" HD Remaster in 2013? Wii U
84%
Donkey Kong got his own Side Scrolling Platformer in 1994, what was the game called? Donkey Kong Country
79%
And the 3rd one? New Super Mario Bros. 2
58%
What Subscription do you have to buy to play online on Nintendo Switch? Nintendo Switch Online
56%
The N64 had an accessory that would make the controller shake in some games. What was this accessory called? Rumble PAK
54%
What was the second New Super Mario Bros. game called? New Super Mario Bros. Wii
53%
In 2024 Nintendo released an Alarm Clock. What was it called? Alarmo
52%
What does DS Stand for? Dual Screen/Developer's System
51%
What nickname did the fans give the original Wii Controller? WiiMote
47%
What Donkey Kong Franchise required special Konga controllers to play? (Except for the Wii Remake) (Name 1 out of 2 franchises) Donkey Konga/Donkey Kong Jungle Beat
45%
No matching quizzes found
Score Distribution
Percent of People with Each Score
Percentile by Number Answered
Your Score History
You have not taken this quiz